Statystyki dla Państwa Świata

Kliknij tutaj aby rozwiązać quiz!

Ogólne statystyki

  • Ten quiz został rozwiązany 738 913 razy
  • Średni wynik to 106 z 196

Odpowiedzi na mapie

Odpowiedzi skodowane kolorowo w zielono-czerwonej skali na mapie do tego quizu, zgodnie z poniższymi procentami.
Ładowanie ...
 

Statystyki odpowiedzi

Kraj% Poprawnych
Polska
97%
Rosja
96%
Stany Zjednoczone
95%
Francja
95%
Niemcy
95%
Chiny
94%
Hiszpania
94%
Kanada
94%
Włochy
94%
Wielka Brytania
93%
Ukraina
93%
Czechy
93%
Australia
92%
Portugalia
92%
Szwecja
92%
Brazylia
91%
Słowacja
91%
Norwegia
91%
Japonia
91%
Litwa
91%
Irlandia
90%
Meksyk
90%
Białoruś
90%
Dania
89%
Łotwa
89%
Finlandia
89%
Grecja
88%
Turcja
88%
Holandia
87%
Egipt
87%
Estonia
87%
Indie
86%
Islandia
86%
Argentyna
86%
Austria
86%
Belgia
85%
Szwajcaria
83%
Chorwacja
83%
Chile
82%
Korea Południowa
81%
Korea Północna
81%
Madagaskar
80%
Rumunia
80%
Irak
80%
Węgry
80%
Iran
80%
Kazachstan
78%
Słowenia
78%
Bułgaria
75%
Republika
Południowej Afryki
75%
Nowa Zelandia
74%
Kuba
74%
Bośnia i Hercegowina
74%
Mongolia
74%
Arabia Saudyjska
74%
Maroko
73%
Albania
72%
Peru
71%
Serbia
70%
Urugwaj
67%
Luksemburg
67%
Kolumbia
67%
Izrael
66%
Czarnogóra
66%
Kongo
66%
Boliwia
65%
Mołdawia
65%
Niger
65%
Wenezuela
64%
Macedonia Północna
64%
Indonezja
64%
Tunezja
63%
Algieria
63%
Pakistan
63%
Watykan
62%
Wietnam
61%
Afganistan
61%
Libia
61%
Cypr
61%
Oman
60%
Paragwaj
60%
Sudan
60%
Gruzja
59%
Panama
58%
Filipiny
58%
Zjednoczone Emiraty
Arabskie
58%
Uzbekistan
57%
Kosowo
57%
Liechtenstein
56%
Nigeria
56%
Syria
56%
Monako
56%
Malta
56%
Andora
56%
Tajlandia
55%
Ekwador
55%
Dominika
55%
Etiopia
55%
Jemen
54%
San Marino
52%
Czad
52%
Armenia
52%
Azerbejdżan
51%
Demokratyczna
Republika Konga
51%
Somalia
51%
Kenia
50%
Turkmenistan
50%
Tadżykistan
50%
Nepal
50%
Malezja
48%
Sri Lanka
48%
Jamajka
48%
Dominikana
47%
Haiti
47%
Wybrzeże Kości
Słoniowej
46%
Liban
45%
Kambodża
45%
Laos
45%
Gwinea
45%
Katar
45%
Honduras
44%
Papua-Nowa Gwinea
44%
Angola
43%
Tajwan
42%
Kostaryka
42%
Kirgistan
42%
Gujana
42%
Mali
41%
Bangladesz
41%
Jordania
41%
Senegal
40%
Zambia
39%
Zimbabwe
39%
Sudan Południowy
37%
Kuwejt
37%
Tanzania
37%
Mjanma
36%
Gwatemala
36%
Ghana
36%
Mozambik
35%
Uganda
35%
Erytrea
33%
Surinam
33%
Bahamy
33%
Kamerun
33%
Malediwy
33%
Bhutan
33%
Nikaragua
32%
Singapur
32%
Salwador
31%
Togo
31%
Liberia
30%
Belize
30%
Mauretania
30%
Gwinea Równikowa
29%
Fidżi
29%
Lesotho
29%
Seszele
29%
Republika Zielonego
Przylądka
29%
Namibia
29%
Botswana
29%
Republika
Środkowoafrykańska
28%
Gabon
28%
Burkina Faso
27%
Rwanda
26%
Mikronezja
25%
Bahrajn
24%
Gambia
24%
Barbados
24%
Trynidad i Tobago
24%
Gwinea Bissau
23%
Dżibuti
23%
Benin
23%
Wyspy Marshalla
22%
Wyspy Świętego
Tomasza i Książeca
22%
Wyspy Salomona
22%
Sierra Leone
21%
Timor Wschodni
21%
Mauritius
21%
Malawi
20%
Brunei
20%
Burundi
20%
Komory
19%
Eswatini
19%
Samoa
18%
Kiribati
18%
Antigua i Barbuda
18%
Vanuatu
17%
Palau
17%
Tuvalu
16%
Tonga
16%
Saint Lucia
16%
Grenada
16%
Saint Kitts i Nevis
16%
Saint Vincent i
Grenadyny
15%
Nauru
15%

Rozkład punktacji

Percentyl według liczby udzielonych odpowiedzi

Procent ludzi z każdym wynikiem

Twoja historia wyników

Nie rozwiązałeś tego quizu